Que faut-il faire face à... - Statistiques

Statistiques générales
  • Ce quiz a été pris 128 fois
    82 depuis la dernière actualisation
  • Le résultat moyen est 5 sur 10
Statistiques - réponses
Question Réponse % Correct
Un moustique Essayer de l'écraser
94%
Un piranha ? Courir hors de l'eau
82%
Une lionne ? Marcher calmement à reculons
82%
Une mygale Marcher calmement
65%
Un ours ? Faire de grands cris et de grands gestes pour l'effrayer
47%
Un requin ? Ne pas bouger
35%
Un boa ? Marcher calmement
29%
Un éléphant ? Marcher rapidement et s'écarter de lui
29%
Moi ? (Soyez sincère) Rien
24%
Un cannibale Se cacher
24%
Aucun quiz correspondant
Distribution des résultats
% des personnes avec chaque résultat
Percentile par nombre de réponses
Votre historique - résultats
Vous n’avez pas pris ce quiz depuis la dernière actualisation